000 00966nas a2200277 4500
001 BR2016002218
003 BR-BrBNA
005 20231205130441.0
007 ta
008 230509b bl.|||p| |||| 00| 00por d
040 _aBR-BrBNA
_bpor
_cBiblioteca Nacional de Agricultura
041 _a(En)
072 _aL72
100 1 _aBatista, L.C. de S.O.
100 1 _aVasconcellos, M. dos S.D.
100 1 _aPassos, M.M. dos
100 1 _aLopes, B. do B.
100 1 _aBerto, B.P.
245 1 _aCoccidiosis due to Isospora curio (Trachta Silva et al. 2006)in lesser seed-finches Sporopjila angolensis (Linnaeus, 1766)at a commercial breeding facility - Case report
650 _aCOCCIDIOSE
650 _aPRODUCAO ANIMAL
650 _aAVE DOMESTICA
773 0 _tRevista Brasileira de Medicina Veterinária (Brazil)
_xISSN 0100-2430
_g(Oct-Dec 2015), v. 37(4) p. 401-405
_wBR2016002218
909 _a202311
_bLúcia
_c55
_dLúcia Elande
942 _2AGRIS
_n0
_cANA
999 _c249514
_d249514